Catálogo

Vista normal Vista MARC

Entrada Personal Name

Número de registros utilizados en: 2

001 - CONTROL NUMBER

  • control field: 2091

003 - CONTROL NUMBER IDENTIFIER

  • control field: DLC

005 - DATE AND TIME OF LATEST TRANSACTION

  • control field: 20260129160518.0

008 - FIXED-LENGTH DATA ELEMENTS

  • fixed length control field: 130503n| azannaabn |n aaa c

010 ## - LIBRARY OF CONGRESS CONTROL NUMBER

  • LC control number: no2013048679

035 ## - SYSTEM CONTROL NUMBER

  • System control number: (OCoLC)oca09465600

035 ## - SYSTEM CONTROL NUMBER

  • System control number: (CaEvSKY)skya10183931

040 ## - CATALOGING SOURCE

  • Original cataloging agency: PE-LiUDP
  • Language of cataloging: spa
  • Transcribing agency: Mx-PuUPA
  • Description conventions: rda
  • Modifying agency: MX-SlUA
  • Modifying agency: Mx-PuUPA

100 1# - HEADING--PERSONAL NAME

  • Personal name: Liberos, Eduardo,

372 ## - FIELD OF ACTIVITY

  • Field of activity: Marketing
  • Field of activity: Publicación electrónica
  • Source of term: lcsh

373 ## - ASSOCIATED GROUP

  • Associated group: Escuela Superior de Gestión Comercial y Marketing (Madrid, España)
  • Source of term: naf

374 ## - OCCUPATION

  • Occupation: Autor

375 ## - GENDER

  • Gender: hombre

377 ## - ASSOCIATED LANGUAGE

  • Language code: spa

670 ## - SOURCE DATA FOUND

  • Source citation: El libro del comercio electrónico, 2011 :
  • Information found: t.p. (Eduardo Liberos) p. 15 (Licenciado en Marketing y Máster en Dirección Financiera por ESIC. Profesor de Marketing Interactivo y Publicidad Digital en IEDGE - The European Business School)